Doprava - fenomén a hybná sila logistiky

Doprava ako nosný systém logistických procesov. Vzťah doprava - logistika. Doprava a logistika: čo očakávajú jedna od druhej. Skladba logistických nákladov.

Salvato in:
Dettagli Bibliografici
Autore principale: Moravčík, Tomáš
Natura: Capitolo di libro
Lingua:slovacco
Soggetti:
Tags: Aggiungi Tag
Nessun Tag, puoi essere il primo ad aggiungerne!!

MARC

LEADER 00000naa$a2200000$$$4500
001 0069179
005 20231108134234.9
041 0 |a slo 
044 |a SK 
245 1 0 |a Doprava - fenomén a hybná sila logistiky  |c Tomáš Moravčík 
520 |a Doprava ako nosný systém logistických procesov. Vzťah doprava - logistika. Doprava a logistika: čo očakávajú jedna od druhej. Skladba logistických nákladov. 
610 2 0 |a doprava 
610 2 0 |a preprava 
610 2 0 |a logistika 
610 2 0 |a reťazce logistické 
610 2 0 |a distribúcia 
610 2 0 |a technológie informačné 
610 2 0 |a technológie komunikačné 
610 2 0 |a tok tovaru 
100 1 |a Moravčík, Tomáš